Normal view
MARC view
Entry Personal Name
001 - CONTROL NUMBER
- control field: 1235767
003 - CONTROL NUMBER IDENTIFIER
- control field: OSt
005 - DATE AND TIME OF LATEST TRANSACTION
- control field: 20260427125642.0
008 - FIXED-LENGTH DATA ELEMENTS
- fixed length control field: 260427|| aca||aabn | a|a d
040 ## - CATALOGING SOURCE
- Original cataloging agency: OSt
- Transcribing agency: OSt
100 ## - HEADING--PERSONAL NAME
- Personal name: शुक्ल, नरेश
670 ## - SOURCE DATA FOUND
- Source citation: Work cat.: (OSt)1848573: तातेड़, सोहन राज 898320, आधुनिक हिन्दी व्याकरण और रचना
